| 000 | 00611nam a2200229Ia 4500 | ||
|---|---|---|---|
| 008 | 180523s9999 xx 000 0 und d | ||
| 020 | _a0-13-027782-7 | ||
| 050 | _aMAIN HF 5681.B2 | ||
| 050 | _b.F73 2001 | ||
| 100 | _aFraser, Lyn M. | ||
| 245 | 0 | _aUnderstanding financial statements / | |
| 245 | 0 | _cLyn M. Fraser. | |
| 250 | _a6th Edition | ||
| 260 | _aNew Jersey : | ||
| 260 | _bPrentice Hall, | ||
| 260 | _c2001 | ||
| 300 | _a267 pages : | ||
| 300 | _c23 cm. | ||
| 500 | _aIncludes bibliographical references and index. | ||
| 650 | _aFinancial statements. | ||
| 650 | _xCorporation reports. | ||
| 999 |
_c357208 _d357208 |
||